Evaluating mineral projects: applications and misconceptions

Gespeichert in:
Bibliographische Detailangaben
1. Verfasser: Torries, Thomas F (VerfasserIn)
Format: Buch
Sprache:Englisch
Veröffentlicht: Englewood Cliffs SME 1998
Ausgabe:1a. ed
Schlagworte:
Tags: Tag hinzufügen
Keine Tags, Fügen Sie den ersten Tag hinzu!

MARC

LEADER 00000cam a2200000 a 4500
001 UCE2586
003 CL-VaPUC
008 140710e19980000us |||||||||||||||||eng|d
020 |a 9780873351591 
082 0 4 |a 338.2  |b TOR  |2 21 
100 0 |a Torries, Thomas F  |e author  |9 575080 
245 1 0 |a Evaluating mineral projects: applications and misconceptions 
250 |a 1a. ed 
300 |a 153 p 
942 |c BK 
945 |d 20140710 11:54:00  |a dcastane 
260 |a Englewood Cliffs  |b SME  |c 1998 
650 7 |a EXTRACCION DE MINERALES  |2 CL-VaPUC  |9 353552 
650 0 |a Industria minera  |9 260256 
650 0 |a Aspectos económicos  |9 255165 
650 0 |a Planificación estratégica   |9 259735 
583 |a last modification  |c 20140710 11:54:00  |k Rodrigo Vera 
999 |c 356175  |d 356173 
952 |0 0  |1 0  |3 erb  |4 0  |6 338_200000000000000_TOR_1998  |7 0  |8 A  |9 463346  |a BIBING  |b BIBING  |i 5089484  |o 338.2 TOR 1998  |p 5089484  |r 2025-01-20  |w 2019-11-23  |y BK  |z Catalogado en:20140710  |k EIQ